[Event "LSS WC-2009-F-00008"]
[Site "LSS email"]
[Date "2009.11.03"]
[Round "?"]
[White "Gretencord, Ulrich"]
[Black "Amann, Klaus"]
[Result "1/2-1/2"]
[WhiteElo "2052"]
[BlackElo "1929"]
[PlyCount "97"]
[EventDate "2009.11.08"]
[EventType "tourn (corr)"]
[EventRounds "10"]
[EventCountry "GER"]
[SourceTitle "Corr 2013"]
[Source "ChessBase"]
[SourceDate "2012.11.12"]
[SourceVersion "1"]
[SourceVersionDate "2012.11.12"]
[SourceQuality "1"]
[WhiteTeam "US of America"]
[BlackTeam "US of America"]
[WhiteTeamCountry "USA"]
[BlackTeamCountry "USA"]

1. Nf3 Nf6 2. d4 g6 3. c4 Bg7 4. Nc3 d5 5. cxd5 Nxd5 6. e4 Nxc3 7. bxc3 c5 8. Rb1 0-0 9. Be2 cxd4 10. cxd4 Qa5+ 11. Bd2 Qxa2 12. 0-0 Bg4 13. Bg5 h6 14. Be3 Nc6 15. d5 Ne5 16. Rxb7 e6 17. d6 Rfd8 18. Re1 Bxf3 19. gxf3 Qa5 20. Rf1 Bf8 21. d7 Qa2 22. Bb5 a6 23. Ba4 Nxf3+ 24. Kg2 Ne5 25. Bb6 Qc4 26. Qd4 Qxd4 27. Bxd4 Nd3 28. Bc6 Nc5 29. Rc7 Bd6 30. Bxa8 Bxc7 31. Bxc5 Rxa8 32. Be7 Rd8 33. Rd1 f5 34. exf5 gxf5 35. Bxd8 Bxd8 36. Rd6 Kf7 37. Rxa6 Ke7 38. Ra7 Kd6 39. Kg3 h5 40. Ra8 Kxd7 41. Ra7+ Ke8 42. Rh7 Bf6 43. Rxh5 Kf7 44. Rh7+ Kg6 45. Ra7 Be5+ 46. f4 Bc3 47. Kg2 Bd2 48. Ra4 Bc3 49. Ra6 1/2-1/2

[Event "LSS RA-2009-0-00059"]
[Site "LSS email"]
[Date "2009.08.14"]
[Round "?"]
[White "Def, Persey"]
[Black "Amann, Klaus"]
[Result "1-0"]
[WhiteElo "1917"]
[BlackElo "1955"]
[PlyCount "169"]
[EventDate "2009.07.06"]
[EventType "tourn (corr)"]
[EventRounds "6"]
[EventCountry "GER"]
[SourceTitle "Telechess CBM 137"]
[Source "ChessBase"]
[SourceDate "2010.07.15"]
[SourceVersion "1"]
[SourceVersionDate "2010.07.15"]
[SourceQuality "1"]

1. c4 Nf6 2. Nc3 c5 3. g3 d5 4. cxd5 Nxd5 5. Bg2 Nc7 6. d3 e5 7. Nh3 Be7 8. f4 exf4 9. Nxf4 0-0 10. 0-0 Nc6 11. Be3 Ne6 12. Nfd5 Bd6 13. Rc1 Rb8 14. Nb5 Re8 15. b4 cxb4 16. Nxa7 Nxa7 17. Bxa7 Ra8 18. Bb6 Qg5 19. Be3 Qd8 20. Nb6 Rb8 21. Qd2 Bd7 22. Qb2 Bc6 23. Bxc6 bxc6 24. Rxc6 Bc7 25. Na4 Qd5 26. Rc4 Be5 27. Qd2 Qd6 28. Qe1 f6 29. Nc5 Bc3 30. Ne4 Qe5 31. Qf2 Rbc8 32. Rxc8 Rxc8 33. Qf3 Kh8 34. Rc1 h6 35. Kf1 Qa5 36. Nxc3 bxc3 37. Qb7 Qf5+ 38. Ke1 Nc5 39. Qb5 Qe6 40. Bd4 Re8 41. Rc2 Nd7 42. Bxc3 Rb8 43. Qc4 Rb1+ 44. Kd2 Qf5 45. Qf4 Qd5 46. Bb4 Qe6 47. a4 Ne5 48. a5 Kh7 49. Bc3 Ng6 50. Qe4 Qa6 51. Qc4 Qa7 52. a6 Qg1 53. Bb2 Qe1+ 54. Ke3 Qg1+ 55. Ke4 f5+ 56. Kxf5 Qe3 57. Qe4 Rf1+ 58. Ke6 Qb6+ 59. Kd5 Qxa6 60. Qe6 Qa2+ 61. Kd6 Qa7 62. Qd7 Qb6+ 63. Kd5 Qb3+ 64. Ke4 Rf7 65. Qc6 Qb4+ 66. d4 Qb3 67. Qc3 Qe6+ 68. Kd3 Re7 69. Qc6 Qe3+ 70. Kc4 Re4 71. Kb4 Re7 72. Qf3 Qe6 73. Kc3 Rf7 74. Qd3 Qh3 75. d5 Qxh2 76. Kd2 Qh5 77. Rc8 Qg5+ 78. Kd1 Qg4 79. Rc4 Qd7 80. Kc2 Qb5 81. Rc6 Qa4+ 82. Kd2 Qg4 83. d6 Kg8 84. Qd5 Nf8 85. Rc7 1-0

[Event "LSS RA-2009-0-00059"]
[Site "LSS email"]
[Date "2009.08.13"]
[Round "?"]
[White "Amann, Klaus"]
[Black "Rook, Detlef"]
[Result "0-1"]
[WhiteElo "1963"]
[BlackElo "2162"]
[PlyCount "88"]
[EventDate "2009.07.06"]
[EventType "tourn (corr)"]
[EventRounds "6"]
[EventCountry "GER"]
[SourceTitle "Corr 2011"]
[Source "ChessBase"]
[SourceDate "2010.08.31"]
[SourceVersion "1"]
[SourceVersionDate "2010.08.31"]
[SourceQuality "1"]

1. e4 c5 2. c3 Nf6 3. e5 Nd5 4. d4 cxd4 5. cxd4 d6 6. Nf3 Nc6 7. Bc4 dxe5 8. dxe5 Ndb4 9. Qb3 e6 10. 0-0 Bd7 11. Qd1 Na5 12. Be2 Bc6 13. Nc3 Be7 14. Nd4 0-0 15. a3 Nd5 16. Nxc6 Nxc6 17. Nxd5 exd5 18. Bf4 Qb6 19. b4 a5 20. b5 Nd4 21. Bd3 Ne6 22. Be3 Bc5 23. Re1 Rfc8 24. Qg4 Rc7 25. Rad1 Bxe3 26. Rxe3 Rac8 27. a4 Rc1 28. Ree1 Rxd1 29. Rxd1 Rc3 30. g3 g6 31. Bf1 Qc5 32. Bg2 Rc4 33. Qf3 Rxa4 34. Qxd5 Rb4 35. Qxb7 Rxb5 36. Qd5 g5 37. Bf3 Kg7 38. h3 a4 39. Qd7 Rb2 40. Rf1 a3 41. Bh5 Qc7 42. Qd3 a2 43. Qf5 Qb7 44. Bf3 Qb5 0-1

[Event "LSS RA-2009-0-00052"]
[Site "LSS email"]
[Date "2009.05.31"]
[Round "?"]
[White "Amann, Klaus"]
[Black "Horeczky, Tibor"]
[Result "1/2-1/2"]
[WhiteElo "1954"]
[BlackElo "1977"]
[PlyCount "83"]
[EventDate "2009.05.09"]
[EventType "tourn (corr)"]
[EventRounds "6"]
[EventCountry "GER"]
[SourceTitle "Corr 2011"]
[Source "ChessBase"]
[SourceDate "2010.08.31"]
[SourceVersion "1"]
[SourceVersionDate "2010.08.31"]
[SourceQuality "1"]

1. e4 c5 2. c3 Nf6 3. e5 Nd5 4. d4 cxd4 5. cxd4 d6 6. Nf3 Nc6 7. Bc4 Be6 8. Ng5 dxe5 9. Nxe6 fxe6 10. dxe5 g6 11. 0-0 Bg7 12. f4 Qb6+ 13. Kh1 Qc5 14. Na3 0-0 15. Qe2 Rac8 16. Bd2 Qb6 17. b3 Na5 18. Bd3 Nc6 19. Nc2 Nd4 20. Nxd4 Qxd4 21. g3 Rfd8 22. Rfd1 Qb2 23. Bc4 Kf7 24. Qf3 b5 25. Bxb5 Nc3 26. Bxc3 Rxc3 27. Qe4 Rxd1+ 28. Rxd1 Rc2 29. Kg1 Rxh2 30. Qf3 Qxa2 31. Bc4 Rd2 32. Rxd2 Qxd2 33. Qc6 Qd1+ 34. Kg2 Qg4 35. Qa6 h5 36. Qxa7 h4 37. Qe3 Bh6 38. Be2 Qf5 39. b4 g5 40. fxg5 Bxg5 41. Qd4 Qc2 42. Qd3 1/2-1/2

[Event "LSS RA-2009-0-00052"]
[Site "LSS email"]
[Date "2009.05.27"]
[Round "?"]
[White "Amann, Klaus"]
[Black "Nicolenco, Sergey"]
[Result "1/2-1/2"]
[WhiteElo "1954"]
[BlackElo "2088"]
[PlyCount "115"]
[EventDate "2009.05.09"]
[EventType "tourn (corr)"]
[EventRounds "6"]
[EventCountry "GER"]
[SourceTitle "Corr 2011"]
[Source "ChessBase"]
[SourceDate "2010.08.31"]
[SourceVersion "1"]
[SourceVersionDate "2010.08.31"]
[SourceQuality "1"]

1. e4 c5 2. c3 d5 3. exd5 Qxd5 4. d4 Nf6 5. Nf3 Bg4 6. Be2 Nc6 7. h3 Bf5 8. 0-0 e6 9. Be3 cxd4 10. Nxd4 Be7 11. Bb5 0-0 12. c4 Qd6 13. Nxc6 bxc6 14. Qxd6 Bxd6 15. Bxc6 Rac8 16. Bb5 Be5 17. a4 Bd3 18. Bxa7 Bxf1 19. Kxf1 Bxb2 20. Ra2 Ra8 21. Be3 Be5 22. Nd2 Rfb8 23. Nf3 Bc7 24. Nd4 Rd8 25. Ke2 Ne4 26. Rc2 Bd6 27. Bc6 Nc5 28. Bxa8 Rxa8 29. Nb5 Be7 30. Bxc5 Bxc5 31. Ra2 Kf8 32. Kd3 Bb6 33. Kc3 Ke7 34. Kb4 Ba5+ 35. Kb3 Kd7 36. Ra1 Kc6 37. Rd1 Rd8 38. Rxd8 Bxd8 39. Kb4 Be7+ 40. Kc3 Kb6 41. f4 Ka5 42. Kb3 Kb6 43. Nd4 Bd6 44. f5 exf5 45. Nxf5 Bf8 46. Kc3 Ka5 47. Kd4 g6 48. Ng3 f5 49. Kd5 Kxa4 50. Ne2 Ka5 51. c5 Ka6 52. Kc6 Ka5 53. Nd4 Kb4 54. Ne6 Bxc5 55. Nxc5 Kc4 56. Kd6 Kd4 57. Ne6+ Ke3 58. Ke5 1/2-1/2

[Event "LSS RA-2009-0-00043"]
[Site "LSS email"]
[Date "2009.03.11"]
[Round "?"]
[White "Buchaillot, Luis Mario"]
[Black "Amann, Klaus"]
[Result "1-0"]
[WhiteElo "1854"]
[BlackElo "2039"]
[PlyCount "97"]
[EventDate "2009.02.06"]
[EventType "tourn (corr)"]
[EventRounds "6"]
[EventCountry "GER"]
[SourceTitle "Corr 2011"]
[Source "ChessBase"]
[SourceDate "2010.08.31"]
[SourceVersion "1"]
[SourceVersionDate "2010.08.31"]
[SourceQuality "1"]

1. e4 d5 2. d3 dxe4 3. dxe4 Qxd1+ 4. Kxd1 Nf6 5. f3 e5 6. c3 Be6 7. Nd2 Be7 8. Kc2 0-0 9. Bc4 Bd7 10. a4 a6 11. Ne2 Rd8 12. Ng3 g6 13. h4 h5 14. Nb3 Nc6 15. Be3 Ne8 16. Bd5 Nd6 17. Nf1 Nb8 18. Bc5 Bc8 19. Na5 c6 20. Ba2 Nd7 21. Be3 Kg7 22. Rd1 f5 23. exf5 Nxf5 24. Bg5 Nf6 25. Re1 Nd7 26. g4 Bxg5 27. hxg5 hxg4 28. fxg4 Nd6 29. Re2 Re8 30. Ng3 Re7 31. Rd2 Nf7 32. Ne4 Nf8 33. Bxf7 Rxf7 34. Nf6 Be6 35. Rdh2 Rxf6 36. gxf6+ Kxf6 37. Rf2+ Kg7 38. Nxb7 Bxg4 39. Rg1 Bc8 40. Nc5 Ra7 41. b4 Re7 42. Re2 Nd7 43. Reg2 Nxc5 44. Rxg6+ Kf7 45. Rg7+ Ke6 46. Rxe7+ Kxe7 47. bxc5 Kf6 48. Kd2 Be6 49. Rb1 1-0

[Event "LSS RA-2009-0-00042"]
[Site "LSS email"]
[Date "2009.03.10"]
[Round "?"]
[White "Amann, Klaus"]
[Black "Podgursky, Artur"]
[Result "0-1"]
[WhiteElo "2039"]
[BlackElo "2088"]
[PlyCount "118"]
[EventDate "2009.01.18"]
[EventType "tourn (corr)"]
[EventRounds "6"]
[EventCountry "GER"]
[SourceTitle "Corr 2011"]
[Source "ChessBase"]
[SourceDate "2010.08.31"]
[SourceVersion "1"]
[SourceVersionDate "2010.08.31"]
[SourceQuality "1"]

1. e4 e5 2. Bc4 Nf6 3. d4 exd4 4. Nf3 Nxe4 5. Qxd4 Nf6 6. Nc3 Nc6 7. Qh4 Be7 8. Bg5 d6 9. 0-0-0 Be6 10. Rhe1 Bxc4 11. Qxc4 0-0 12. h4 Re8 13. Bxf6 Bxf6 14. Rxe8+ Qxe8 15. Nd5 Qd8 16. g3 h6 17. c3 Be7 18. Re1 Bf8 19. Qe2 Qd7 20. Nd2 Qf5 21. Qf3 Qxf3 22. Nxf3 Rc8 23. Kc2 Kh7 24. b4 Nb8 25. a4 c6 26. Nf4 Nd7 27. Nd3 Nf6 28. Kb3 g6 29. c4 d5 30. Nfe5 Kg7 31. c5 Ne4 32. a5 a6 33. Kc2 Re8 34. Nf3 Be7 35. Nd2 Bd8 36. f3 Nf6 37. Rxe8 Nxe8 38. Nf4 g5 39. hxg5 Bxg5 40. Ne2 Bxd2 41. Kxd2 Kf6 42. Ke3 Ng7 43. Nc1 Nf5+ 44. Kf4 h5 45. Nd3 h4 46. g4 Ne7 47. Ke3 d4+ 48. Kxd4 h3 49. Nf2 h2 50. Ke4 Nd5 51. f4 Nxb4 52. Ke3 Ke6 53. Ke4 f6 54. Nh1 Na2 55. f5+ Kf7 56. Kf3 Nc1 57. Kg2 Nb3 58. Kxh2 Nxa5 59. Ng3 Nb3 0-1

[Event "LSS RA-2009-0-00042"]
[Site "LSS email"]
[Date "2009.03.10"]
[Round "?"]
[White "Dehaybe, Andre"]
[Black "Amann, Klaus"]
[Result "1-0"]
[WhiteElo "1703"]
[BlackElo "2039"]
[PlyCount "99"]
[EventDate "2009.01.18"]
[EventType "tourn (corr)"]
[EventRounds "6"]
[EventCountry "GER"]
[SourceTitle "Corr 2011"]
[Source "ChessBase"]
[SourceDate "2010.08.31"]
[SourceVersion "1"]
[SourceVersionDate "2010.08.31"]
[SourceQuality "1"]

1. e4 d5 2. exd5 Nf6 3. Nf3 Nxd5 4. d4 g6 5. c4 Nf6 6. Nc3 Bg7 7. Be2 0-0 8. 0-0 c6 9. Re1 Bg4 10. h3 Bxf3 11. Bxf3 e6 12. Bf4 Nbd7 13. Rb1 Nb6 14. Qd3 Qd7 15. Rbd1 Rad8 16. b3 Rfe8 17. a4 Qc8 18. a5 Nbd7 19. Qb1 Bf8 20. b4 a6 21. g4 h6 22. Re3 Bg7 23. Qb2 Nf8 24. Na4 N6d7 25. Bd6 Nh7 26. h4 Bf8 27. Bg3 Bg7 28. Rde1 Bf6 29. Qd2 g5 30. h5 Bg7 31. Bh2 Nhf6 32. Qc3 Nh7 33. Bd6 Nhf6 34. Rd1 Nh7 35. Rb1 Nhf6 36. Re2 Nh7 37. Rbe1 Nhf6 38. Ra2 Nh7 39. Re3 Nhf6 40. Rd2 Nh7 41. Rc2 Nhf6 42. Re1 e5 43. dxe5 Re6 44. Nc5 Nxc5 45. bxc5 Nd7 46. Rce2 Rde8 47. Kg2 Qd8 48. Re3 Qa8 49. Bd1 Qc8 50. Kh3 1-0

[Event "LSS RA-2009-0-00040"]
[Site "LSS email"]
[Date "2009.02.24"]
[Round "?"]
[White "Jones, Ian Robert"]
[Black "Amann, Klaus"]
[Result "0-1"]
[WhiteElo "2093"]
[BlackElo "2016"]
[PlyCount "68"]
[EventDate "2009.01.06"]
[EventType "tourn (corr)"]
[EventRounds "6"]
[EventCountry "GER"]
[SourceTitle "Corr 2011"]
[Source "ChessBase"]
[SourceDate "2010.08.31"]
[SourceVersion "1"]
[SourceVersionDate "2010.08.31"]
[SourceQuality "1"]

1. e4 d5 2. exd5 Qxd5 3. Nf3 Bg4 4. Be2 Nc6 5. Nc3 Qd7 6. h3 Bh5 7. d4 e6 8. Be3 0-0-0 9. Ne5 Nxe5 10. dxe5 Qc6 11. Qxd8+ Kxd8 12. Bxh5 Kc8 13. Bf3 Qa6 14. 0-0-0 Bb4 15. Be2 Qa5 16. Nb5 c6 17. Nxa7+ Kc7 18. c3 Be7 19. Rd2 Nh6 20. g4 Rd8 21. Rxd8 Bxd8 22. f4 Ng8 23. Rd1 Ne7 24. Kb1 Nd5 25. Nxc6 bxc6 26. Bd2 Qc5 27. Rf1 Ne3 28. Rf3 Nc4 29. Bc1 Be7 30. b4 Qd5 31. Kc2 Qe4+ 32. Kd1 c5 33. a3 Qd5+ 34. Kc2 Qa8 0-1

[Event "LSS RA-2009-0-00040"]
[Site "LSS email"]
[Date "2009.02.22"]
[Round "?"]
[White "Amann, Klaus"]
[Black "Gerasimchuk, Yury"]
[Result "1-0"]
[WhiteElo "2016"]
[BlackElo "2153"]
[PlyCount "29"]
[EventDate "2009.01.06"]
[EventType "tourn (corr)"]
[EventRounds "6"]
[EventCountry "GER"]
[SourceTitle "Corr 2013"]
[Source "ChessBase"]
[SourceDate "2012.11.12"]
[SourceVersion "1"]
[SourceVersionDate "2012.11.12"]
[SourceQuality "1"]

1. e4 c5 2. c3 Nf6 3. e5 Nd5 4. d4 cxd4 5. cxd4 d6 6. Nf3 Nc6 7. Bc4 Nb6 8. Bb5 dxe5 9. Nxe5 Bd7 10. Nc3 Nxe5 11. dxe5 Bxb5 12. Nxb5 Qxd1+ 13. Kxd1 Nd5 14. Ke2 a6 15. Nc3 1-0

[Event "LSS CP-2007-Q-00012"]
[Site "LSS email"]
[Date "2009.01.15"]
[Round "?"]
[White "Schiller, Wilfried"]
[Black "Amann, Klaus"]
[Result "1-0"]
[WhiteElo "2206"]
[BlackElo "2039"]
[PlyCount "89"]
[EventDate "2009.01.15"]
[EventType "tourn (corr)"]
[EventRounds "6"]
[EventCountry "GER"]
[SourceTitle "Corr 2011"]
[Source "ChessBase"]
[SourceDate "2010.08.31"]
[SourceVersion "1"]
[SourceVersionDate "2010.08.31"]
[SourceQuality "1"]

1. d4 Nf6 2. c4 c5 3. d5 e5 4. Nc3 d6 5. e3 Be7 6. Bd3 0-0 7. Nge2 Ne8 8. 0-0 f5 9. f3 Nd7 10. b3 g6 11. Qd2 Bf6 12. Bb2 a6 13. a4 b6 14. a5 Rb8 15. axb6 Rxb6 16. Bc2 Bg7 17. Nd1 Ndf6 18. Bc3 Qe7 19. Nf2 Rb8 20. Rab1 Qc7 21. Ba5 Qe7 22. b4 Nd7 23. e4 f4 24. Nd3 g5 25. Nc3 g4 26. fxg4 Qg5 27. bxc5 Rxb1 28. Rxb1 dxc5 29. Nf2 Nd6 30. Qd3 Rf7 31. Na4 Nb7 32. Be1 Nd6 33. Bd1 Bf8 34. Bf3 Rg7 35. Qc2 Nf7 36. Nd3 Bd6 37. Bf2 Qe7 38. Qb3 h5 39. gxh5 Ng5 40. Qd1 Nh3+ 41. Kh1 Nxf2+ 42. Nxf2 Nf6 43. Nb6 Bb7 44. Qe2 Rg5 45. Ng4 1-0

[Event "LSS WC-2008-F-00006"]
[Site "LSS email"]
[Date "2008.11.12"]
[Round "?"]
[White "Peto, Peter"]
[Black "Amann, Klaus"]
[Result "1/2-1/2"]
[WhiteElo "2052"]
[BlackElo "2041"]
[PlyCount "60"]
[EventDate "2008.11.12"]
[EventType "tourn (corr)"]
[EventRounds "14"]
[EventCountry "GER"]
[SourceTitle "Corr 2013"]
[Source "ChessBase"]
[SourceDate "2012.11.12"]
[SourceVersion "1"]
[SourceVersionDate "2012.11.12"]
[SourceQuality "1"]
[WhiteTeam "US of America"]
[BlackTeam "US of America"]
[WhiteTeamCountry "USA"]
[BlackTeamCountry "USA"]

1. e4 e5 2. Nc3 Nf6 3. Bc4 Nxe4 4. Qh5 Nd6 5. Bb3 Be7 6. Nf3 Nc6 7. Nxe5 Nxe5 8. Qxe5 0-0 9. Nd5 Re8 10. 0-0 Bf8 11. Qf4 c6 12. Ne3 Qe7 13. d3 Qe5 14. Qf3 b6 15. Ng4 Qf5 16. Bf4 h5 17. Ne3 Qf6 18. Qg3 Nb5 19. c3 h4 20. Qg5 Qxg5 21. Bxg5 h3 22. g3 Nc7 23. Rfe1 d5 24. Bc2 Bd7 25. d4 Ne6 26. Bf5 f6 27. Bf4 Kf7 28. Nc2 Nc5 29. Bxd7 Nxd7 30. g4 Rxe1+ 1/2-1/2